000 00274nam a2200109 a 4500
005 20201002040610.0
008 140218s1995 000 spa d
020 _a0912333197
245 0 _aJacques Pépin´s table :.
260 _aSan Francisco, CA,
_c1995.
999 _c42535
_d42535
040 _aDO-SdBNP